00812nam a22002057a 4500003000500000005001700005008004100022010001100063011001100074035001100085040000900096100003300105245017000138260004000308500006000348502009400408650002600502650001400528856006400542CHAP20220329143907.0120619s2012 mx r 00010 spa d a103390 a104362 a115052 cCHAP1 aSánchez Sánchez, Manuel.10aCaracterización de unidades de producción familiar de gallinas de traspatio en una comunidad de Huatusco, Veracruzh[En Línea]c/por Manuel Sánchez Sánchez aChapingo, Méx. :bEl autor,c2012 aPara ver el contenido del material haga clic en la liga aTesis (Ing. Agr. Esp. en Zonas Tropicales) -- UACH. Centro Regional Universitario Oriente04aAviculturazVeracruz.04aGallinas. 3Finding aiduhttp://10.13.5.2/tesis/115052.pdfzTeclea aqui